000 01096nam a22002417a 4500
999 _c65816
_d65816
005 20240530110844.0
008 200912s2019 ua a f b 000 0dara d
017 _a2019/9040
_bمصر. دار الكتب
020 _a9789778123937
040 _aEG-CaGPL
_cEG-CaGPL
082 0 4 _221
_a327.101\
_bف أ
100 _aفراس عباس هاشم
245 1 0 _aارتدادات الجيوبوليتيكيا :
_bالدلالات النظرية الموجهة لمسارات التاثير الايرانى فى الشرق الاوسط /
_cفراس عباس هاشم ، على حسين حميد
250 _aط.1
260 _aالقاهرة :
_bالمكتب العربى للمعارف،
_c2020
300 _a532 ص. ؛
_c24 سم.
504 _aيشتمل على ارجاعات ببليوجرافية
651 0 7 _2qrmak
_aايران
_xالعلاقات الخارجية
_zالشرق الاوسط
651 0 7 _aايران
_xالاحوال السياسية
700 0 _aعلى حسين حميد
_eمؤلف مشارك
942 _2ddc
_cBK